Tally's corner ; a study of Negro streetcorner men /

Bibliographic Details
Main Author: Liebow, Elliot
Format: Book
Language:English
Published: Boston : Little, Brown, [1967]
Edition:[1st ed.].
Subjects:

MARC

Tag First Indicator Second Indicator Subfields
LEADER 00000cam a2200000 4500
001 in00000090802
005 20150923131206.0
008 721005s1967 mau b 00000 eng
010 |a  67018106  
035 |a (OCoLC)00423577 
035 |9 AAK6645AM 
040 |a DLC  |c WSU  |d OCL  |d CHS  |d SER  |d TXA  |d UtOrBLW 
049 |a TXAM  |c 1 [702031], 2 [1503423], 3 [A11189806], 4 [A11190001], 5 [A11189953], 6 [A11189903], 7 [A11189856] 
050 0 0 |a E185.93.D6  |b L5 1967 
100 1 |a Liebow, Elliot. 
245 1 0 |a Tally's corner ;  |b a study of Negro streetcorner men /  |c With a foreword by Hylan Lewis. 
250 |a [1st ed.]. 
264 1 |a Boston :  |b Little, Brown,  |c [1967] 
300 |a xvii, 260 pages ;  |c 21 cm. 
336 |a text  |b txt  |2 rdacontent 
337 |a unmediated  |b n  |2 rdamedia 
338 |a volume  |b nc  |2 rdacarrier 
500 |a Revision of thesis, Catholic University of America. 
504 |a Bibliography: pages [257]-260. 
650 0 |a African Americans  |z Washington (D.C.) 
650 0 |a African Americans  |x Social conditions. 
650 0 |a Gangs. 
650 2 |a African Continental Ancestry Group  |z District of Columbia. 
650 2 |a Life Style. 
650 2 |a Social Environment. 
999 |a MARS 
999 f f |s 10dca9a8-4415-32a1-b464-7d27560ad9e5  |i 7c3ac849-a288-3bcd-b4da-db3105fc490f  |t 0 
952 f f |p ric  |a Texas A&M University  |b Rellis Campus  |c Joint Library Facility  |d Remote Storage  |t 0  |e E185.93.D6 L5 1967  |h Library of Congress classification  |i unmediated -- volume  |m A14811189806 
952 f f |p normal  |a Texas A&M University  |b College Station  |c Sterling C. Evans Library  |d Evans: Library Stacks  |t 0  |e E185.93.D6 L5 1967  |h Library of Congress classification  |i unmediated -- volume  |m A14811189953 
998 f f |a E185.93.D6 L5 1967  |t 0  |l Remote Storage 
998 f f |a E185.93.D6 L5 1967  |t 0  |l Evans: Library Stacks